Actividades de enseñanza aprendizaje para que los niños de tercer grado de preescolar desarrollen la operación de clasificación / (Record no. 550)
[ view plain ]
| 000 -CABECERA | |
|---|---|
| campo de control de longitud fija | 00949nam a2200217 a 4500 |
| 005 - FECHA Y HORA DE LA ÚLTIMA TRANSACCIÓN | |
| campo de control | 20221019063518.0 |
| 008 - ELEMENTOS DE LONGITUD FIJA--INFORMACIÓN GENERAL | |
| campo de control de longitud fija | 991125s1990 mx 000 0 spa u |
| 035 ## - NÚMERO DE CONTROL DEL SISTEMA | |
| Número de control de sistema | UPN01000000550 |
| 049 ## - COLECCIÓN | |
| Colección | TES |
| 099 ## - CLASIFICACIÓN LOCAL | |
| Clasificación local | 7279 |
| 100 1# - ASIENTO PRINCIPAL--NOMBRE PERSONAL | |
| Nombre de persona | Garza Fernández, Beatriz Elena |
| 245 10 - MENCIÓN DE TÍTULO | |
| Título | Actividades de enseñanza aprendizaje para que los niños de tercer grado de preescolar desarrollen la operación de clasificación / |
| Mención de responsabilidad, etc. | Beatriz Elena Garza Fernández. |
| 260 ## - PUBLICACIÓN, DISTRIBUCIÓN, ETC. | |
| Lugar de publicación, distribución, etc. | Cd. Guadalupe, N. L. : |
| Nombre del editor, distribuidor, etc. | B. E. Garza Fernández, |
| Fecha de publicación, distribución, etc. | 1990. |
| 300 ## - DESCRIPCIÓN FÍSICA | |
| Extensión | 44 h. |
| 500 ## - NOTA GENERAL | |
| Nota general | "Sistema de Educación a Distancia. Unidad 19B" |
| 502 ## - NOTA DE TESIS | |
| Nota de tesis | Propuesta pedagógica (Lic. en Educación Preescolar) -- Universidad Pedagógica Nacional, 1990 |
| 650 #2 - ASIENTO SECUNDARIO DE MATERIA - TERMINO TEMATICO | |
| Término de materia o nombre geográfico como elemento de entrada | Clasificación |
| 9 (RLIN) | 5262 |
| 650 #4 - ASIENTO SECUNDARIO DE MATERIA - TERMINO TEMATICO | |
| Término de materia o nombre geográfico como elemento de entrada | Matemáticas |
| Subdivisión general | Estudio y enseñanza (Preescolar) |
| 9 (RLIN) | 4038 |
| 710 2# - ASIENTO SECUNDARIO - NOMBRE CORPORATIVO | |
| Nombre de entidad corporativa o nombre de jurisdicción como elemento de entrada | Universidad Pedagógica Nacional (México). |
| Unidad subordinada | Sistema de Educación a Distancia. |
| -- | Unidad 19B |
| 9 (RLIN) | 28256 |
| 905 ## - TIPO DE MATERIAL | |
| Tipo de material | Tesis |
| Estado de retiro | Estado de pérdida | Fuente del sistema de clasificación o colocación | Estado dañado | No para préstamo | Código de colección | Localización permanente | Ubicación/localización actual | Ubicación en estantería | Fecha de adquisición | Clasificación | Código de barras | Fecha visto por última vez | Número de copia | Tipo de ítem Koha |
|---|---|---|---|---|---|---|---|---|---|---|---|---|---|---|
| Library of Congress Classification | Disponible (Préstamo en sala) | Tesis impresas | Bib. Gregorio Torres Quintero | Bib. Gregorio Torres Quintero | Planta alta Repositorios y acceso abierto | 06/05/2022 | 7279 | 115056 | 06/05/2022 | 1 | Libro |
